Normal view MARC view

Entry Personal Name

Number of records used in: 2

001 - CONTROL NUMBER

  • control field: 47165

003 - CONTROL NUMBER IDENTIFIER

  • control field: dpl

005 - DATE AND TIME OF LATEST TRANSACTION

  • control field: 20120516115047.0

008 - FIXED-LENGTH DATA ELEMENTS

  • fixed length control field: 120516|||a|||||| | ||| d

040 ## - CATALOGING SOURCE

  • Original cataloging agency: dpl
  • Transcribing agency: dpl

100 ## - HEADING--PERSONAL NAME

  • Personal name: मेहता, आलोक

670 ## - SOURCE DATA FOUND

  • Source citation: Work cat.: (dpl): मिश्र, विनोद कुमार 47163, अल्बर्ट आइंस्टाइन /, 2005

670 ## - SOURCE DATA FOUND

  • Source citation: Work cat.: (dpl): मिश्र, विनोद कुमार 47163, अल्बर्ट आइंस्टाइन /, 2005

© Delhi Public Library
Hit Counter
free hit counter